Statystyki dla Wszyscy norwescy skoczkowie narciarscy w historii

Kliknij tutaj aby rozwiązać quiz!

Ogólne statystyki

  • Ten quiz został rozwiązany 18 razy
  • Średni wynik to 48 z 239

Statystyki odpowiedzi

Odpowiedź% Poprawnych
Fredrik Gran
100%
Halvor Egner Granerud
100%
Anders Bardal
88%
Daniel-Andre Tande
88%
Daniel Forfang
88%
Johann Andre Forfang
88%
Anders Fannemel
75%
Andreas Stjernen
75%
Bjorn Einar Romoren
75%
Hroar Stjernen
75%
Kenneth Gangnes
75%
Kristian Johansson
75%
Lars Bystol
75%
Marius Lindvik
75%
Robert Johansson
75%
Sigurd Pettersen
75%
Terje Hilde
75%
Tom Hilde
75%
Anders Jacobsen
63%
Espen Jacobsen
63%
Rune Velta
63%
Andreas Granerud Buskum
50%
Eirik Bredesen
50%
Espen Bredesen
50%
Joachim Hauer
50%
Joacim Odegard Bjoreng
50%
Oscar P. Westerheim
50%
Roar Ljokelsoy
50%
Robin Pedersen
50%
Sander Vossan Eriksen
50%
Thomas Aasen Markeng
50%
Trond Joran Pedersen
50%
Vegard Hauko Sklett
50%
Anders Hare
38%
Benjamin Ostvold
38%
Bjorn Wirkola
38%
Christian Ingebrigtsen
38%
Fredrik Bjerkeengen
38%
Fredrik Villumstad
38%
Frode Hare
38%
Henning Stensrud
38%
Iver Olaussen
38%
Joakim Aune
38%
Johan Remen Evensen
38%
Kare Berg
38%
Kim-Roar Hansen
38%
Kristoffer Eriksen Sundal
38%
Lasse Ottesen
38%
Morten Solem
38%
Oyvind Berg
38%
Pai Hansen
38%
Per Bergerud
38%
Rolf Age Berg
38%
Sindre Ulven Jorgensen
38%
Sondre Ringen
38%
Sturle Holseter
38%
Thorleif Haug
38%
Tommy Ingebrigtsen
38%
Ulf Jorgensen
38%
Vegard Opaas
38%
Adrian Thon Gundersrud
25%
Arne Sneli
25%
Asbjorn Ruud
25%
Atle Pedersen Ronsen
25%
Bendik Jakobsen Heggli
25%
Birger Ruud
25%
Dag Holmen Jensen
25%
Erik Johnsen
25%
Hakon Johnsen
25%
Jesper Odegaard
25%
Kent Johanssen
25%
Kim Rene Elverum Sorsell
25%
Kristian Brenden
25%
Lars Grini
25%
Morten Agheim
25%
Ole Gunnar Fidjestol
25%
Ole Marius Ingvaldsen
25%
Phillip Sjoen
25%
Roger Ruud
25%
Sigmund Ruud
25%
Simen Key Grimsrud
25%
Solve Jokerud Strand
25%
Steinar Braten
25%
Toralf Engan
25%
Tore Sneli
25%
Vegard Swensen
25%
Akseli Kokkonen
13%
Alf Andersen
13%
Arne Hoel
13%
Arne Hovde
13%
Arnfinn Bergmann
13%
Asbjorn Osnes
13%
Bent Tomtum
13%
Christian Roste Solberg
13%
Clas Brede Brathen
13%
David Andersen
13%
Einar Landvik
13%
Eirik Halvorsen
13%
Eirik Leander Fystro
13%
Eirik Ulimoen
13%
Erik Leine Wangen
13%
Erling Enger
13%
Erling Kroken
13%
Espen Enger Halvorsen
13%
Espen Roe
13%
Finn Halvorsen
13%
Frithjof Prydz
13%
Geir Johnson
13%
Gunnar Andersen
13%
Halvor Persson
13%
Hans Beck
13%
Hans Kleppen
13%
Hans Olav Sorensen
13%
Havard Lie
13%
Henning Wold
13%
Henry Johansen
13%
Herman Smith-Johannsen
13%
Hilmar Myhra
13%
Ingolf Mork
13%
Ivar Mobekk
13%
Jacob Tullin Thams
13%
Jan Ottar Andersen
13%
Johannes Ardal
13%
Johan Saetre
13%
Jon Aaraas
13%
Jonas-Sloth Sandell
13%
Jorgen Halvorsen
13%
Jostein Smeby
13%
Kjell Erik Sagbakken
13%
Knut Muller
13%
Kurt Borseth
13%
Magne Johansen
13%
Matias Braathen
13%
Narve Bonna
13%
Nels Nelsen
13%
Oddgeir Heimdal
13%
Olav Hansson
13%
Ole Bremseth
13%
Ole Christen Enger
13%
Otto Aasen
13%
Pal-Hakon Bjortomt
13%
Peder Belgum
13%
Peder Wahl
13%
Reidar Andersen
13%
Sigurd Sollid
13%
Stein Henrik Tuff
13%
Sverre Stenersen
13%
Thomas Lobben
13%
Tom Christiansen
13%
Tom Rauland
13%
Torbjorn Falkanger
13%
Torbjorn Ruste
13%
Torbjorn Yggeseth
13%
Torger Tokle
13%
Trygve Edin
13%
Vidar Johansen
13%
Wilhelm Brenna
13%
Alf Dyblie
0%
Anders Ladehaug
0%
Andreas Vilberg
0%
Ansten Samuelstuen
0%
Are Sumstad
0%
Aril Carlson
0%
Armholdt Kongsgard
0%
Arne Busterud
0%
Arne Dalslaen
0%
Arve Vorvik
0%
Asgeir Dolplads
0%
Bengt Heiestad
0%
Bjorn Myrbakken
0%
Borge Benum
0%
Borge Gellein Blikeng
0%
Christian Inngjerdingen
0%
Christian Meyer
0%
Christian Mohn
0%
Egil Gronn
0%
Erik Lyche Solheim
0%
Erlend Schumann
0%
Geir Atle Woien
0%
Georg Osterholt
0%
Georg Thrane
0%
Halvor Asphol
0%
Halvor Naes
0%
Hans Petter Bergquist
0%
Hein-Arne Mathiesen
0%
Helge Brendryen
0%
Henry Amdahl
0%
Henry Ljungmann
0%
Jan Erik Stromberg
0%
Jan Henrik Troen
0%
Jarl Magnus Riiber
0%
Johan Martin Brandt
0%
Johan Stoa
0%
Jo Inge Bjornebye
0%
Jon Eilert Bogseth
0%
Jon Inge Kjorum
0%
Jon Petter Sandaker
0%
Jo Romme Mellingsaeter
0%
Kare Herrem
0%
Kare Walberg
0%
Kim-Arild Tandberg
0%
Lars Hogvold
0%
Magnus Overby
0%
Marius Smariset
0%
Mats Bjerke Myhren
0%
Mats Sohagen Berggaard
0%
Mikkjel Hemmestveit
0%
Morten Gjesvold
0%
Odd Hammernes
0%
Olaf B. Bjornstad
0%
Ola Gert Aanjesen
0%
Olav Magne Donnem
0%
Ole Christian Eidhammer
0%
Ole Erik Tvedt
0%
Ole Reistad
0%
Per Steinar Nordlien
0%
Petter Hugsted
0%
Richard Haukedal
0%
Rune Olijnyk
0%
Sigmund Hagenhaugen
0%
Sigurd Nyomoen Soberg
0%
Simen Berntsen
0%
Simen Kvarstad
0%
Sondre Norheim
0%
Stale Fjorden
0%
Stein Eric Tveiten
0%
Stein Guben
0%
Stian Kvarstad
0%
Sveinung Kirkelund
0%
Sverre Stallvik
0%
Thorleif Schjelderup
0%
Tom Aage Aarnes
0%
Tom Levorstad
0%
Tommy Egeberg
0%
Tom Sandvold
0%
Torgeir Brandtzaeg
0%
Tor-Helge Bakken
0%
Torjus Hemmestveit
0%
Tormod Knutsen
0%

Rozkład punktacji

Percentyl według liczby udzielonych odpowiedzi

Procent ludzi z każdym wynikiem

Twoja historia wyników

Nie rozwiązałeś tego quizu